Código del Procedimiento Penal: texto oficial actualizado, incluye modificaciones introducidas por la Ley 18.882, publicada el 20 de Diciembre de 1989

Saved in:
Bibliographic Details
Format: Book
Language:Spanish
Published: Santiago CIEDEM 1990
Subjects:
Tags: Add Tag
No Tags, Be the first to tag this record!

MARC

LEADER 00000nam a2200000 a 4500
001 UCV1459
003 CL-VaPUC
008 900704e19900000CL |||||||||||||||||spa|d
082 0 4 |a 345.8305  |b COD  |2 21 
245 1 0 |a Código del Procedimiento Penal: texto oficial actualizado, incluye modificaciones introducidas por la Ley 18.882, publicada el 20 de Diciembre de 1989 
300 |a 268 p 
942 |c BK 
945 |d 19900704 00:00:00 
260 |a Santiago  |b CIEDEM  |c 1990 
650 7 |a CODIGO DE PROCEDIMIENTO PENAL  |2 CL-VaPUC  |9 256474 
651 7 |a CHILE  |2 CL-VaPUC  |9 295731 
583 |a last modification  |c 19900704 00:00:00  |k Rodrigo Vera 
999 |c 209413  |d 209411 
952 |0 0  |1 0  |2 ddc  |4 0  |6 345_830500000000000_COD_1990  |7 0  |8 FOND_LRYV  |9 184799  |a BIBDER  |b BIBDER  |d 2019-11-14  |i 2521156  |o 345.8305 COD 1990  |p 2521156  |r 2023-01-25  |w 2019-11-14  |y BK_X  |k DER